Fundamentals of open source software / (Record no. 89337)

MARC details
000 -LEADER
fixed length control field 00605nam a22001937a 4500
005 - DATE AND TIME OF LATEST TRANSACTION
control field 20141016144034.0
010 ## - LCCN (DPL NO)
LC control number ENG-111083
020 ## - INTERNATIONAL STANDARD BOOK NUMBER
International Standard Book Number 9788120350120
Terms of availability 375.00
035 ## - SYSTEM CONTROL NUMBER
System control number EN-94615
037 ## - SOURCE OF ACQUISITION
Source of stock number/acquisition DBAD/PUB
082 ## - DEWEY DECIMAL CLASSIFICATION NUMBER
Classification number 005.432
100 ## - MAIN ENTRY--PERSONAL NAME
Personal name Rao, M.N.
245 ## - TITLE STATEMENT
Title Fundamentals of open source software /
Statement of responsibility, etc by M.N. Rao
260 ## - PUBLICATION, DISTRIBUTION, ETC. (IMPRINT)
Place of publication, distribution, etc Delhi
Name of publisher, distributor, etc PHI Learning
Date of publication, distribution, etc 2015
270 ## - ADDRESS
Address Rimjhim House,111, Patparganj Industrial Estate
City Delhi
Postal code 110092
300 ## - PHYSICAL DESCRIPTION
Extent xix,295p. :
Dimensions 24cm(pbk)
Other physical details ill.
500 ## - GENERAL NOTE
General note Includes bibliographical references and index.
942 ## - ADDED ENTRY ELEMENTS (KOHA)
Source of classification or shelving scheme Dewey Decimal Classification
Item type English Books
Classification part 005.432
Call number suffix RAO
Holdings
Withdrawn status Lost status Not for loan Collection code Home library Current library Date acquired Source of acquisition Cost, normal purchase price Full call number Barcode Copy number Cost, replacement price Koha item type
    Not For Loan Non-fiction D.B.Act.Division D.B.Act.Division 16/10/2014 DBAD/PUB 375.00 005.432 RAO EN-94615 1 375.00 English Books

© Delhi Public Library
Hit Counter
free hit counter